<?xml version="1.0" encoding="UTF-8"?><?xml-stylesheet type="text/xsl" href="static/style.xsl"?><OAI-PMH xmlns="http://www.openarchives.org/OAI/2.0/" xmlns:xsi="http://www.w3.org/2001/XMLSchema-instance" xsi:schemaLocation="http://www.openarchives.org/OAI/2.0/ http://www.openarchives.org/OAI/2.0/OAI-PMH.xsd"><responseDate>2026-04-17T02:45:08Z</responseDate><request verb="GetRecord" identifier="oai:www.recercat.cat:2117/373264" metadataPrefix="marc">https://recercat.cat/oai/request</request><GetRecord><record><header><identifier>oai:recercat.cat:2117/373264</identifier><datestamp>2025-07-16T22:27:30Z</datestamp><setSpec>com_2072_1033</setSpec><setSpec>col_2072_452949</setSpec></header><metadata><record xmlns="http://www.loc.gov/MARC21/slim" xmlns:dcterms="http://purl.org/dc/terms/" xmlns:xsi="http://www.w3.org/2001/XMLSchema-instance" xmlns:doc="http://www.lyncode.com/xoai" xsi:schemaLocation="http://www.loc.gov/MARC21/slim http://www.loc.gov/standards/marcxml/schema/MARC21slim.xsd">
   <leader>00925njm 22002777a 4500</leader>
   <datafield ind2=" " ind1=" " tag="042">
      <subfield code="a">dc</subfield>
   </datafield>
   <datafield ind2=" " ind1=" " tag="720">
      <subfield code="a">Chamizo González, Francisco</subfield>
      <subfield code="e">author</subfield>
   </datafield>
   <datafield ind2=" " ind1=" " tag="720">
      <subfield code="a">Gordillo Arrobas, Belén</subfield>
      <subfield code="e">author</subfield>
   </datafield>
   <datafield ind2=" " ind1=" " tag="720">
      <subfield code="a">Heredia Mira, Francisco José</subfield>
      <subfield code="e">author</subfield>
   </datafield>
   <datafield ind2=" " ind1=" " tag="260">
      <subfield code="c">2022-07-01</subfield>
   </datafield>
   <datafield ind2=" " ind1=" " tag="520">
      <subfield code="a">Las globulinas, una de las principales proteínas del endospermo de semilla de uva, presentan diversas funcionalidades tecnológicas debido a su interacción con compuestos fenólicos. En este estudio se ha aplicado la colorimetría triestímulo al estudio de la interacción entre la globulina 11S de semilla de uva (11SGB) y la malvidina-3-glucosido (mv3glc), y su impacto en el color. Además, se ha evaluado el efecto de la adición de la 11SGB sobre el color del complejo de copigmentación mv3glc-epicatequina, el cual contribuye a la estabilización del color en vinos tintos. Los resultados confirmaron un efecto positivo de la 11SGB en la variación del color de la mv3glc principalmente debido al ΔL* y ΔC*ab, sugiriendo la protección del catión flavilio y una mejora de su color. En el caso de la interacción con el complejo de copigmentación mv3glc-epicatequina no se observó un efecto significativo en las variaciones de color bajo las condiciones ensayadas.</subfield>
   </datafield>
   <datafield ind2=" " ind1=" " tag="520">
      <subfield code="a">FEDER/Ministerio de Ciencia e Innovación - Agencia Estatal de Investigación (Proyecto AGL2017-84793-C2), Alvinesa Natural Ingredients, S.A (Daimiel, Ciudad Real,Spain).</subfield>
   </datafield>
   <datafield tag="653" ind2=" " ind1=" ">
      <subfield code="a">Àrees temàtiques de la UPC::Ciències de la salut</subfield>
   </datafield>
   <datafield tag="653" ind2=" " ind1=" ">
      <subfield code="a">Àrees temàtiques de la UPC::Ciències de la visió::Òptica física::Color</subfield>
   </datafield>
   <datafield tag="653" ind2=" " ind1=" ">
      <subfield code="a">Globulins</subfield>
   </datafield>
   <datafield tag="653" ind2=" " ind1=" ">
      <subfield code="a">Colorimetry</subfield>
   </datafield>
   <datafield tag="653" ind2=" " ind1=" ">
      <subfield code="a">Grape</subfield>
   </datafield>
   <datafield tag="653" ind2=" " ind1=" ">
      <subfield code="a">Globulines</subfield>
   </datafield>
   <datafield tag="653" ind2=" " ind1=" ">
      <subfield code="a">Colorimetria</subfield>
   </datafield>
   <datafield tag="653" ind2=" " ind1=" ">
      <subfield code="a">Raïms</subfield>
   </datafield>
   <datafield ind2="0" ind1="0" tag="245">
      <subfield code="a">Estudio de la interacción de la globulina 11S de semilla de uva con compuestos fenólicos mediante colorimetría diferencial</subfield>
   </datafield>
</record></metadata></record></GetRecord></OAI-PMH>